Statystyki dla Trasa Warszawskiej linii autobusowej 319

Kliknij tutaj aby rozwiązać quiz!

Ogólne statystyki

  • Ten quiz został rozwiązany 3 razy
  • Średni wynik to 12 z 37

Statystyki odpowiedzi

DzielnicaPrzystanek% Poprawnych
WawerPKP Miedzeszyn
100%
WawerPKP Radość
100%
WawerBielszowicka
67%
WawerBursztynowa-Szpital
67%
WawerCentrum Zdrowia Dziecka
67%
UrsynówMetro Imielin
67%
WawerMiędzylesie
67%
WawerOdeska
67%
WawerPKP Międzylesie
67%
WawerPożaryskiego
67%
WawerWawer-Ratusz
67%
WawerWielowiejska
67%
WawerCelulozy
33%
WawerMajerankowa
33%
UrsynówPileckiego
33%
UrsynówPłaskowickiej
33%
WawerPrzewodowa
33%
WilanówŚwiętej Urszuli Ledóchowskiej
33%
WawerSzachowa
33%
WawerTawułkowa
33%
WawerWiesiołka
33%
WilanówBranickiego
0%
WawerDzięcioła
0%
UrsynówGrzegorzewskiej
0%
UrsynówHospicjum Onkologiczne
0%
UrsynówMiklaszewskiego
0%
WawerMontażowa
0%
WawerMrągowska
0%
WawerNadarzyńska
0%
UrsynówPolinezyjska
0%
WawerPomologiczna
0%
WilanówPowsinek
0%
WilanówSarmacka
0%
WawerSitowie
0%
UrsynówSzpital Południowy
0%
UrsynówTeligi
0%
WilanówVogla
0%

Rozkład punktacji

Percentyl według liczby udzielonych odpowiedzi

Procent ludzi z każdym wynikiem

Twoja historia wyników

Nie rozwiązałeś tego quizu